000
00245nam a22001097a 4500
999
_c
260911
_d
260910
020
_a
0590422766
100
_a
John Peterson
245
_a
The Littles and the Big Storm
260
_a
New York
_b
Scholastic
_c
1979
300
_a
80 pgs
942
_c
BK